书目信息 |
| 题名: |
西洋名画故事选
|
|
| 作者: | 杨蔼琪 , 杨小凯 著 | |
| 分册: | ||
| 出版信息: | 北京 知识出版社 1983 |
|
| 页数: | 44页 | |
| 开本: | 36cm | |
| 丛书名: | ||
| 单 册: | ||
| 中图分类: | I230.2 | |
| 科图分类: | ||
| 主题词: | 故事--中国--现代--选集 , 戏剧文学--剧本--中国 | |
| 电子资源: | ||
| ISBN: | ||
| 000 | 00707nam0 2200253 45 | |
| 001 | 0183002462 | |
| 005 | 20060421083728.40 | |
| 010 | @dCNY0.95 | |
| 091 | @a8214.21 | |
| 100 | @a19950311d1983 em y0chiy0121 ea | |
| 101 | 0 | @achi |
| 102 | @aCN@b110000 | |
| 105 | @af z 000fy | |
| 200 | 10 | @a西洋名画故事选@Axi yang ming hua gu shi xuan@f杨蔼琪,杨小凯著@Fyang ai qi,yang xiao kai zhu |
| 210 | @a北京@c知识出版社@d1983 | |
| 215 | @a44页@d36cm | |
| 606 | @a故事@y中国@z现代@x选集 | |
| 606 | 0 | @a戏剧文学@x剧本@x中国 |
| 690 | @aI230.2@v3 | |
| 701 | 0 | @a杨蔼琪@Ayang ai qi@4著 |
| 701 | 0 | @a杨小凯@Ayang xiao kai@4著 |
| 801 | 2 | @aCN@bNLC@c20060421 |
| 801 | 0 | @aCN@bTSSF |
| 905 | @a10447@dI230.2@e20 | |
| 西洋名画故事选/杨蔼琪,杨小凯著.-北京:知识出版社,1983 |
| 44页;36cm |
| ISBN :CNY0.95 |
| ● |
| 相关链接 |
|
|
|
|
正题名:西洋名画故事选
索取号:I230.2/20
 
预约/预借
| 序号 | 登录号 | 条形码 | 馆藏地/架位号 | 状态 | 备注 |
| 1 | 0105606 | 202276303 | 密集书库/ [索取号:I230.2/20] | 在馆 |